[Event "12th KIIT International 2019"]
[Site "Odisha"]
[Date "2019.06.04"]
[Round "6.13"]
[White "Viani Antonio Dcunha"]
[Black "Nayak Rajesh"]
[Result "1-0"]
[WhiteElo "2362"]
[BlackElo "2175"]
[Annotator "TA"]
[PlyCount "179"]
[EventDate "2019.05.31"]
[EventType "swiss"]
[EventCountry "IND"]
[SourceTitle "playchess.com"]
[Source "ChessBase"]
[SourceQuality "1"]

{[%evp 22,179,13,13,15,19,15,15,19,16,47,45,57,52,54,33,33,31,44,46,186,188,243,229,232,232,250,211,232,169,177,60,60,61,61,36,258,242,375,368,368,375,372,371,343,343,345,341,313,331,320,287,466,298,376,371,364,353,365,341,370,370,466,452,984,576,572,554,532,520,505,497,491,375,405,0,88,88,425,81,81,81,81,81,81,51,59,64,81,81,81,81,88,88,88,88,115,88,88,88,88,88,88,81,81,81,81,0,81,81,81,81,104,81,106,81,81,81,81,64,81,74,74,74,74,74,73,64,73,37,73,8,29941,5112,29956,29948,29945,8,29960,29961,29962,29963,29963,29964,29963,29965,29964,29966,29962,29966,29964,29965,29966,29967,29989,29990,29990,29991,29991,29992]} 1. e4 c5 2. Nf3 Nc6 3. Nc3 g6 4. d4 cxd4 5. Nxd4 Bg7 6. Be3 Nf6 7. Bc4 O-O 8. Bb3 d6 9. f3 Bd7 10. Qd2 Nxd4 11. Bxd4 b5 12. a4 b4 {B77: Sicilian Dragon: Yugoslav Attack, 9 Bc4 sidelines} 13. Nd5 Nxd5 14. exd5 a5 {The position is equal.} 15. h4 e5 16. dxe6 $1 Bxe6 17. Bxg7 Kxg7 18. O-O-O Bxb3 19. cxb3 {[#]} Rc8+ $146 ({Predecessor:} 19... Re8 20. h5 {½-½ (31) Anand,V (2800)-Carlsen,M (2826) Kristiansund 2010}) 20. Kb1 Rc6 (20... Qf6 $14) 21. h5 $18 Qf6 (21... d5 $142 22. h6+ (22. Qxd5 Qxd5 23. Rxd5 Ra8 $16) 22... Kg8) 22. hxg6 Qxg6+ 23. Ka2 Rfc8 24. Qd4+ Kf8 25. Rde1 Qg7 26. Re4 (26. Qd2 $18) 26... Qxd4 $14 27. Rxd4 {[%mdl 4096] Endgame KRR-KRR} Rc2 28. Rxh7 Kg8 $2 (28... Rxg2 $14 29. Rh8+ (29. Rxd6 Rcc2 $11) 29... Rg8) 29. Rh5 $1 $18 Rxg2 (29... R2c5 $142 30. Rxc5 Rxc5 31. Rxd6 Kf8) 30. Rxa5 Rf2 31. Rxb4 Rcc2 32. Rg4+ Kf8 33. Ra8+ Ke7 34. Ra7+ Ke6 35. Re4+ Kd5 36. Rf4 ({Not} 36. Rxf7 Rxb2+ 37. Ka3 Ra2+ 38. Kb4 Rxf3 $16) 36... Kc5 $2 (36... Rfd2 37. Ka3 Rxb2 38. Rf5+ Kc6 39. Rfxf7 Rb1) 37. Ra5+ Kb6 38. Rb5+ Kc6 39. Rxf7 Rxb2+ 40. Ka3 Rbd2 41. Rbb7 Rd3 42. a5 Rfxf3 (42... Rd1 $142 43. Kb4 Rd4+ 44. Kc3 Rd1) 43. Rfc7+ Kd5 44. a6 Rd1 {intending ...Ra1+.} 45. a7 Ra1+ 46. Kb4 Rf4+ 47. Kb5 Rf3 {[%cal Rf3b3]} 48. Kb4 $2 (48. b4 $18) 48... Rf4+ $1 $16 49. Kc3 $1 Ra2 $2 {[%mdl 8192]} (49... Rf2 $16 {is tougher.} 50. Rb5+ Ke6) 50. Rb8 $2 (50. Rb5+ $18 Ke6 51. Rbb7) 50... Rf1 51. Kb4 Rfa1 52. Rbb7 Ra3 53. Kc3 {Black must now prevent Kb4.} R3a2 54. Rh7 {Strongly threatening Rhg7.} Rc1+ 55. Kb4 {And now Rh2! would win.} Rca1 56. Rbc7 Ra3 57. Rh5+ Ke6 58. Rh6+ $1 Kd5 59. Rd7 Ra6 60. a8=Q+ (60. a8=B+ {is interesting.} Rxa8 61. Rdxd6+ Ke5 62. Rb6 Rd8 63. Kc3) 60... Rxa8 61. Rdxd6+ Ke5 62. Rhe6+ Kf5 63. Rf6+ Ke5 64. Rfe6+ Kf5 65. Rb6 Rb1 66. Rec6 Ra2 67. Rc3 Ke5 68. Kc4 Ra8 69. Re3+ Kf4 70. Rh3 Kg4 71. Rd3 Kf4 72. b4 Rc8+ 73. Kb5 Ke4 74. Rh3 Kd4 75. Rb7 Rc5+ 76. Ka4 (76. Ka6 $1 $16 Rd5 77. Rh4+ Ke5 78. Re7+ Kd6 79. Rg7) 76... Ra1+ $2 {[%mdl 8192] [#]} (76... Rc8 $11) 77. Ra3 $1 Rxa3+ 78. Kxa3 $18 {KR-KR} Rc8 {[#]} 79. Ka4 $2 (79. Rb5 $1 {mates} Rc6 80. Rb8 Rh6 81. Ka4 Rh1 82. Rc8 Kd5 83. Ka5 Rb1 84. b5) 79... Kc4 $2 {[%mdl 8192]} (79... Ra8+ $11 80. Kb3 Kd5) 80. Ra7 {White mates.} Rb8 81. Rc7+ Kd5 82. b5 Kd6 83. Rc1 Ra8+ 84. Kb4 Kd7 85. b6 Rc8 86. Rc5 Rc6 87. Kb5 Rxc5+ 88. Kxc5 Kd8 89. Kd6 Kc8 90. Kc6 {Accuracy: White = 59%, Black = 46%.} 1-0

[Event "12th KIIT International 2019"]
[Site "Odisha"]
[Date "2019.06.04"]
[Round "6.14"]
[White "Rathneesh R"]
[Black "Saurabh Anand"]
[Result "*"]
[WhiteElo "2160"]
[BlackElo "2351"]
[Annotator "RC"]
[PlyCount "36"]
[EventDate "2019.05.31"]
[EventType "swiss"]
[EventCountry "IND"]
[SourceTitle "playchess.com"]
[Source "ChessBase"]
[SourceQuality "1"]
[TimeControl "5400+30"]

1. e4 {[%emt 1:30:30]} c5 {[%emt 0:00:14]} 2. Nf3 {[%emt 0:00:54]} e6 {[%emt 0:00:24]} 3. d4 {[%emt 0:02:54]} cxd4 {[%emt 0:00:20]} 4. Nxd4 {[%emt 0:00:43]} Nc6 {[%emt 0:00:15]} 5. Nc3 {[%emt 0:02:28]} Qc7 {[%emt 0:00:12]} 6. Be3 {[%emt 0:00:50]} Nf6 {[%emt 0:00:50]} 7. Qd2 {[%emt 0:03:17]} a6 {[%emt 0:00:42]} 8. O-O-O {[%emt 0:01:28]} b5 {[%emt 0:01:39]} 9. Bf4 {[%emt 0:08:16]} e5 {[%emt 0:08:54]} 10. Nxc6 {[%emt 0:02:18]} exf4 {[%emt 0:00:16]} 11. e5 {[%emt 0:01:00]} dxc6 {[%emt 1:21:44]} 12. exf6 {[%emt 0:01:08]} Be6 {[%emt 0:00:38]} 13. Ne4 {[%emt 0:22:08]} Bd5 {[%emt 0:06:07]} 14. c4 {[%emt 0:09:24]} Be6 {[%emt 0:16:28]} 15. Qc3 {[%emt 0:07:08]} g6 {[%emt 0:11:51]} 16. cxb5 {[%emt 0:03:46]} f3 {[%emt 0:46:53]} 17. Qc4 {[%emt 0:30:48]} c5 18. Qxc5 {[%emt 0:00:00]} Qc6 {[%emt 0:00:36]} *

[Event "12th KIIT International 2019"]
[Site "Odisha"]
[Date "2019.06.04"]
[Round "6.14"]
[White "Rathneesh R"]
[Black "Saurabh Anand"]
[Result "1/2-1/2"]
[WhiteElo "2160"]
[BlackElo "2351"]
[Annotator "TA"]
[PlyCount "168"]
[EventDate "2019.05.31"]
[EventType "swiss"]
[EventCountry "IND"]
[SourceTitle "playchess.com"]
[Source "ChessBase"]
[SourceQuality "1"]

{[%evp 14,168,29,10,42,21,57,60,72,68,71,68,70,72,55,55,347,351,332,341,333,136,131,139,158,132,233,233,232,240,232,233,227,229,258,283,264,227,293,290,365,339,333,330,321,311,288,274,423,309,307,302,306,303,272,267,278,250,258,214,208,214,223,127,135,120,122,125,122,127,167,167,406,406,406,404,1205,707,553,166,166,166,166,166,166,166,166,166,166,166,166,166,166,166,166,166,166,0,166,166,166,166,166,166,166,166,166,166,166,166,166,166,166,166,166,166,166,166,166,166,166,166,166,166,166,166,166,166,166,166,166,166,166,166,166,166,166,166,166,166,166,166,166,166,166,166,166,166,166,166,166,166,166,100,166,166,166]} 1. e4 c5 2. Nf3 e6 3. d4 cxd4 4. Nxd4 Nc6 5. Nc3 Qc7 6. Be3 Nf6 7. Qd2 a6 8. O-O-O b5 {B48: Sicilian: Taimanov: 5 Nc3 Qc7 6 Be3 a6 without Be2} (8... Bb4 $5 {[%cal Rf6e4]}) 9. Bf4 e5 10. Nxc6 exf4 {White is slightly better.} 11. e5 {Hoping for Nd4.} dxc6 12. exf6 $40 {[%mdl 128] White has some attack.} Be6 $1 13. Ne4 Bd5 {[#]} 14. c4 $1 {[%mdl 512]} Be6 $146 {[%mdl 8192]} (14... O-O-O $14 15. cxd5 cxd5+ 16. Nc3 d4 {[%mdl 64] Pin}) (14... bxc4 15. Bxc4) ({Predecessor:} 14... O-O-O 15. Be2 Bxc4 16. Bg4+ {1-0 (28) Nisipeanu,L (2692)-Cosma,I (2457) Bucharest 2008}) 15. Qc3 $18 g6 16. cxb5 $1 f3 17. Qxc6+ ({Less strong is} 17. bxc6 Bh6+ 18. Kb1 O-O $16) (17. Kc2 $18 {and White stays clearly on top.}) 17... Qxc6+ $16 18. bxc6 {Kb1 is the strong threat.} Bh6+ 19. Kb1 Bf5 (19... O-O $16) 20. gxf3 $18 O-O 21. Bc4 Rac8 22. Bd5 ({Resist} 22. Bxa6 $6 Rxc6 23. Bd3 Rb8) 22... Bf4 23. a4 a5 24. Ka2 Rfd8 25. b3 Bh3 26. Rd3 Kf8 {and the idea ...Rxc6 leaves Black hopeful.} 27. Rhd1 Bf5 28. h4 Be5 29. Bc4 Rxd3 30. Rxd3 ({Not} 30. Bxd3 Rxc6 31. Bc4 Bc7 $16) 30... Bxe4 (30... Bxf6 $142 31. Nxf6 Bxd3) 31. fxe4 {Black must now prevent Rd7.} Bxf6 {[%mdl 4096] Endgame KRB-KRB} 32. Rd7 Rxc6 33. Rxf7+ {[%mdl 64] Double Attack} Ke8 34. Rxh7 {Strongly threatening Bb5.} Rd6 35. Bd5 Be5 36. Ra7 Bc3 37. Rc7 Bb4 38. Rc2 (38. f4 $18) 38... Rf6 $16 39. e5 Rf4 40. f3 Rxh4 41. Rg2 Rd4 42. Be4 Rd2+ $2 (42... Ke7 {was worth a try.} 43. Rxg6 Rd2+ 44. Kb1 Re2) 43. Rxd2 $18 Bxd2 44. Bxg6+ {KB-KB} Ke7 (44... Kf8 $142 45. Kb2 Kg7) 45. Bf5 Bc3 46. e6 $2 (46. b4 Bxe5 47. bxa5) 46... Kf6 47. Bg4 Ke7 48. Kb1 Bb4 49. Kc2 Bd6 50. Kd3 $1 Kf6 51. Ke4 Bb4 52. Bh3 Bc5 53. Kf4 Bd6+ {[#]} 54. Ke3 $1 Bb4 55. Ke4 Bc5 $1 56. Kd3 Bb4 57. Ke2 Bd6 58. Kf2 Bc5+ 59. Kg3 Bd6+ 60. Kh4 Bb4 61. Kh5 Bd6 62. Kh6 Bf8+ {[#]} 63. Kh7 $1 Bd6 64. Kg8 Be7 65. f4 Bd6 66. f5 Be7 67. Bg4 Bd6 68. Kh7 Bf8 69. Bh3 Be7 70. Kh6 Bf8+ 71. Kh5 Be7 72. Kg4 Bd6 73. Kf3 Be7 74. Ke4 Bd6 75. Kd5 Be7 76. Kc6 Bb4 77. Kb6 Ke7 78. Bf1 Kf6 79. Bd3 Ke7 80. Bb5 Kf6 81. Bc4 Ke7 82. Bd5 Kf6 83. Kc6 (83. Be4 $18) 83... Be7 (83... Kxf5 $16 {is a better defense.} 84. Kd7 Kf6) 84. Kd7 Bb4 {Accuracy: White = 80%, Black = 49%.} 1/2-1/2

[Event "12th KIIT International 2019"]
[Site "Odisha"]
[Date "2019.06.04"]
[Round "6.15"]
[White "Ter-Sahakyan, Samvel"]
[Black "Matta, Vinay Kumar"]
[Result "1/2-1/2"]
[WhiteElo "2611"]
[BlackElo "2181"]
[Annotator "TA"]
[PlyCount "105"]
[EventDate "2019.05.31"]
[EventType "swiss"]
[EventCountry "IND"]
[SourceTitle "playchess.com"]
[Source "ChessBase"]
[SourceQuality "1"]

{[%evp 26,105,29,16,27,19,34,25,27,11,18,14,25,29,33,33,27,33,83,51,39,34,39,14,16,12,29,27,28,28,48,29,58,8,8,8,31,35,34,34,34,34,44,34,34,29,35,29,34,24,29,30,29,27,30,23,26,23,35,11,16,12,12,11,23,0,8,0,0,0,0,0,8,0,4,4,4,4,4,-8,-8,-8]} 1. e4 e5 2. Nf3 Nc6 3. Bb5 a6 4. Ba4 Nf6 5. O-O Be7 6. Re1 b5 7. Bb3 O-O 8. c3 d5 9. exd5 Nxd5 10. Nxe5 Nxe5 11. Rxe5 c6 12. d3 Bd6 13. Re1 Bf5 14. Qf3 Qf6 {C89: Closed Ruy Lopez: Marshall Attack} (14... Qh4 15. g3 Qh3 16. Nd2 Rae8 17. Ne4 Bg4 18. Qg2 Qxg2+ 19. Kxg2 f5 20. h3 Bh5 21. Bf4 Bxf4 22. gxf4 fxe4 23. dxe4 {½-½ (43) Caruana,F (2819)-Aronian,L (2763) Karlsruhe/Baden Baden 2019}) 15. Nd2 Qg6 {[#] Threatens to win with ...Rfe8.} 16. Bd1 Bxd3 {aiming for ...Rae8.White has an edge.} 17. Ne4 Bxe4 $1 18. Qxe4 Qxe4 19. Rxe4 Rfe8 20. Rxe8+ Rxe8 {[%cal Re8e1] [#]} 21. Kf1 $1 {[#]} c5 $146 ({Don't go for} 21... Bxh2 $2 22. g3 $16) ({Predecessor:} 21... Be5 22. Rb1 Rd8 23. Bd2 Nb6 24. Be1 Nc4 25. Bf3 c5 26. Be2 Nd2+ {½-½ (26) Areshchenko,A (2649)-Sasikiran,K (2669) Khanty-Mansiysk 2017}) 22. g3 Be5 23. Bd2 Rd8 24. Ke2 c4 25. Rc1 Re8 {...Bxc3+ is the strong threat.} 26. Kf1 Rd8 27. Ke1 f5 28. Be2 Kf7 29. b3 (29. a4 $5) 29... Nb6 30. Kd1 b4 {And now ...bxc3 would win.} 31. Ke1 cxb3 32. axb3 bxc3 33. Bxc3 Rc8 $1 {[%cal Rc8c3]} 34. Bd2 Rxc1+ 35. Bxc1 $14 {[%mdl 4096] Endgame KBB-KBN} a5 36. Be3 Bc7 37. Bb5 Ke6 38. Ke2 Nd5 {Hoping for ...Nc3+.} 39. Bd2 Bb6 40. f3 Kd6 41. Bd3 g6 42. h4 Ke5 43. Bh6 Bd8 44. Bc4 Kd4 45. Kd2 Be7 {The position is equal.} (45... Bf6 {with more complications.} 46. Ke1 Be5 47. Kf2 f4 48. g4 a4) 46. Bg7+ Bf6 47. Bxd5 Bxg7 $11 {KB-KB} 48. Bg8 h6 49. Bh7 g5 50. hxg5 hxg5 51. Bxf5 Be5 52. f4 gxf4 53. gxf4 {Accuracy: White = 49%, Black = 72%.} 1/2-1/2

[Event "12th KIIT International 2019"]
[Site "Odisha"]
[Date "2019.06.04"]
[Round "6.16"]
[White "Petrosyan, Manuel"]
[Black "Manish Anto Cristiano F"]
[Result "1-0"]
[WhiteElo "2573"]
[BlackElo "2099"]
[Annotator "TA"]
[PlyCount "47"]
[EventDate "2019.05.31"]
[EventType "swiss"]
[EventCountry "IND"]
[SourceTitle "playchess.com"]
[Source "ChessBase"]
[SourceQuality "1"]

{[%evp 22,51,20,27,32,30,35,45,47,18,52,62,66,45,89,62,84,80,230,229,586,593,674,616,1909,1863,29995,29996,29996,29997,29998,29999]} 1. d4 d5 2. c4 c6 3. Nf3 Nf6 4. e3 e6 5. Bd3 Nbd7 6. Nbd2 Be7 7. O-O O-O 8. b3 b6 9. Bb2 Bb7 10. Qe2 c5 11. Rfd1 Rc8 12. Rac1 Rc7 {D30: Queen's Gambit Declined: Systems without Nc3} (12... cxd4 13. Nxd4 Nc5 14. Bb1 Qd7 15. N4f3 Rfd8 16. e4 dxc4 17. Nxc4 Qc7 18. Rxd8+ Rxd8 19. Nce5 Qd6 20. Ng5 {½-½ (105) Mikhalevski,V (2538)-Akobian,V (2647) Caleta 2018}) 13. Bb1 Qa8 14. cxd5 $146 ({Predecessor:} 14. dxc5 bxc5 15. cxd5 exd5 16. Nf1 Re8 17. Ne5 Nf8 18. Ng3 g6 19. Ng4 Nxg4 20. Qxg4 {½-½ (53) Anwesh,U (2432)-El Arousy,A (2238) Dubai 2011}) 14... exd5 {White is slightly better.} 15. Bd3 Ne4 16. dxc5 Ndxc5 17. Nd4 {And now Nf5 would win.} Bf6 {[#]} 18. b4 $1 {[%cal Rb4c5]} Nxd3 19. Rxc7 Nxb2 (19... Nexf2 $16 {keeps fighting.} 20. Rf1 Qb8) 20. Nxe4 $18 Be5 $2 {[#]} (20... Bd8 {is a better chance.}) 21. Qh5 $1 {[%cal Rh5e5]} ({Less strong is} 21. Qxb2 Bxc7 22. Nf5 f6 $14) 21... f6 22. Re7 {White threatens Nf5! and mate.} Kh8 {[#]} 23. Ne6 $1 Rg8 {[#]} 24. N6g5 {Played: Ne4-g5} 1-0

[Event "12th KIIT International 2019"]
[Site "Odisha"]
[Date "2019.06.04"]
[Round "6.17"]
[White "Senthil Maran K"]
[Black "Rahman, Ziaur"]
[Result "1-0"]
[WhiteElo "2187"]
[BlackElo "2481"]
[Annotator "TA"]
[PlyCount "103"]
[EventDate "2019.05.31"]
[EventType "swiss"]
[EventCountry "IND"]
[SourceTitle "playchess.com"]
[Source "ChessBase"]
[SourceQuality "1"]

{[%evp 17,103,23,29,0,41,8,5,13,20,13,27,43,51,45,135,139,130,50,47,34,39,36,31,23,25,25,27,30,30,28,20,20,37,33,30,17,59,47,42,32,43,45,89,87,108,105,147,150,200,200,198,192,189,191,230,208,501,493,461,445,345,345,1427,1339,2353,2212,917,845,2029,2310,4830,3425,5414,4143,5446,6215,2307,5081,6544,5696,5306,2472,29979,29980,29980,29981,29981,29982]} 1. d4 d5 2. c4 Nc6 3. cxd5 Qxd5 4. e3 e5 5. Nc3 Bb4 6. Bd2 Bxc3 7. Bxc3 exd4 8. Ne2 Nf6 9. Nxd4 O-O 10. Nb5 {D07: Queen's Gambit: Chigorin Defence} Qg5 11. h4 Qh6 12. Qf3 {The position is equal.} Bg4 13. Qg3 a6 14. Nxc7 Rac8 15. Bc4 Ne4 ({Better is} 15... Ne7 $14) 16. Qxg4 $16 Nxc3 17. bxc3 (17. Ne6 $1 $16 {[%cal Re6f8]} Ne5 18. Qf5) 17... Rxc7 $14 18. Qg5 $146 Qxg5 19. hxg5 Ne5 20. Bb3 Rxc3 21. Ke2 Nd3 22. Rad1 Nc5 $1 23. Bd5 Rc2+ 24. Kf3 Ne6 25. Kg3 g6 26. f4 $36 {[%mdl 2048] Threatens to win with Bxe6. White has some pressure.} Re8 27. Rc1 Rd2 28. Rhd1 Rxd1 29. Rxd1 {[%mdl 4096] Endgame KRB-KRN} Nc5 30. Kf3 Kg7 31. Rb1 Re7 32. Rb6 h6 33. gxh6+ Kxh6 34. g4 $1 Kg7 35. g5 a5 {[#]} 36. e4 $1 Na4 $2 (36... Kf8 {was worth a try.} 37. Rb5 Rc7 38. Rxa5 Ne6 39. Bxe6 Rc3+ 40. Ke2 fxe6) 37. Rxb7 $18 Rxb7 38. Bxb7 {KB-KN} Nc3 {[#]} 39. Bd5 $1 f5 $2 (39... f6 40. Ke3 Nd1+ 41. Ke2 Nb2 42. gxf6+ Kxf6 43. e5+ Kg7) 40. Ke3 fxe4 41. Bc4 Kf8 42. Kd4 Na4 43. Kxe4 Ke7 44. Kd4 Nb6 45. Bd3 Kf7 46. Kc5 Nd7+ 47. Kc6 (47. Kb5 $142 a4 48. Bc4+ Ke7 49. Kxa4 Nc5+ 50. Kb4) 47... Nf8 48. Kd6 Ke8 49. a4 (49. Bb5+ $142 Kf7 50. Bc4+ Ke8 51. a4) 49... Kf7 50. f5 {White mates.} gxf5 51. Bxf5 Kg7 52. Kc6 {Accuracy: White = 84%, Black = 28%.} 1-0

[Event "12th KIIT International 2019"]
[Site "Odisha"]
[Date "2019.06.04"]
[Round "6.18"]
[White "Patil, Pratik"]
[Black "Lugovskoy, Maxim"]
[Result "1/2-1/2"]
[WhiteElo "2184"]
[BlackElo "2451"]
[Annotator "TA"]
[PlyCount "97"]
[EventDate "2019.05.31"]
[EventType "swiss"]
[EventCountry "IND"]
[SourceTitle "playchess.com"]
[Source "ChessBase"]
[SourceQuality "1"]

{[%evp 13,97,16,24,24,24,17,19,18,33,16,24,14,36,39,29,28,83,93,132,113,112,120,290,99,106,106,115,115,121,114,118,103,103,103,94,103,103,99,95,93,84,91,86,88,103,72,45,85,88,105,95,17,17,17,17,8,8,8,8,8,8,8,8,8,8,8,8,8,8,8,8,8,8,8,56,56,56,8,56,8,56,56,56,56,56,56]} 1. e4 e6 2. d4 d5 3. Nd2 Nc6 4. Ngf3 Nf6 5. e5 Nd7 6. Be2 Be7 7. Nf1 O-O 8. Ng3 {C04: French Tarrasch: 3...Nc6} f6 9. exf6 Bxf6 10. O-O {The position is equal.} e5 11. dxe5 Ndxe5 12. c3 g6 $146 ({Predecessor:} 12... Nxf3+ 13. Bxf3 Be6 14. Be3 Qd6 15. Bg4 Bxg4 16. Qxg4 {½-½ (27) Managadze,N (2463)-Vysochin,S (2599) Korinthos 2004}) 13. Nxe5 Nxe5 14. f4 Nc4 (14... Nf7 $11 {remains equal.}) 15. f5 $16 Kg7 16. Bxc4 dxc4 17. Qg4 Be5 $2 (17... Qe7 $16) 18. Bf4 $2 ({Weaker is} 18. Qxc4 Bxf5 19. Bf4 (19. Nxf5+ Rxf5 20. Rxf5 gxf5 $14) 19... Bxf4 $14) (18. Be3 $18 {has better winning chances.}) 18... Bxf4 19. Qxf4 Qd6 20. Qxd6 cxd6 21. fxg6 hxg6 22. Rxf8 Kxf8 {[%mdl 4096] Endgame [#] KRB-KRN} 23. Rd1 $1 Ke7 24. Ne4 Bf5 25. Rd4 d5 26. Rxd5 Bxe4 {KRB-KR} 27. Re5+ {[%mdl 64] [#] Double Attack} Kf6 28. Rxe4 {KR-KR} Rd8 29. Rxc4 Rd1+ 30. Kf2 Rd2+ 31. Kf3 Rxb2 32. Rb4 ({White should play} 32. a4 $16) 32... Rxa2 $11 33. Rxb7 a5 34. Ra7 Rc2 35. Ra6+ Kf7 36. Rxa5 {aiming for Rc5.} Rxc3+ 37. Kf4 Rc2 38. Ra7+ Kf6 39. Ra6+ Kg7 40. g4 Rxh2 41. Kg5 Rb2 42. Ra7+ Kg8 43. Kh6 {next g5 is good for White.} Rb8 (43... g5 $5) 44. Rg7+ Kh8 $1 45. Rxg6 Rb5 46. g5 Rb8 47. Ra6 {White is slightly better.} Kg8 48. Ra7 Rc8 49. g6 {Accuracy: White = 59%, Black = 64%.} 1/2-1/2

[Event "12th KIIT International 2019"]
[Site "Odisha"]
[Date "2019.06.04"]
[Round "6.19"]
[White "Hari Madhavan N B"]
[Black "Rakesh Kumar Jena"]
[Result "1/2-1/2"]
[WhiteElo "2093"]
[BlackElo "2411"]
[Annotator "TA"]
[PlyCount "78"]
[EventDate "2019.05.31"]
[EventType "swiss"]
[EventCountry "IND"]
[SourceTitle "playchess.com"]
[Source "ChessBase"]
[SourceQuality "1"]

{[%evp 13,78,-9,-4,-6,-23,-19,-17,-12,-11,-24,-8,-39,-26,-37,-44,-65,-49,-52,23,27,23,0,58,46,50,30,46,32,33,40,79,90,116,66,115,131,125,116,113,118,115,116,136,98,103,71,75,33,83,0,72,61,68,64,56,49,41,27,30,43,28,45,36,29,41,37,64]} 1. d4 Nf6 2. c4 e6 3. Nc3 Bb4 4. e3 O-O 5. Nge2 d5 6. a3 Bd6 7. cxd5 exd5 8. Ng3 {E46: Nimzo-Indian: Rubinstein: 4 e3 0-0 5 Ne2 without early Bd3} Re8 9. Bd3 c6 (9... c5 10. dxc5 Bxc5 11. O-O Nc6 12. b4 Bb6 13. Nce2 d4 14. e4 Ne5 15. Bf4 Nfg4 16. h3 Nxd3 17. Qxd3 Ne5 18. Bxe5 Rxe5 19. f4 Re8 {1-0 (42) Nakamura,H (2787)-Topalov,V (2761) Paris 2016}) 10. O-O {The position is equal.} Nbd7 11. Qc2 Nf8 12. Nce2 h5 13. h3 $146 ({Predecessor:} 13. Re1 Bc7 14. Bd2 h4 15. Nf1 h3 {½-½ (41) Ayan,B (1976)-Sieber,F (2277) Manavgat 2018}) 13... g6 14. Rd1 h4 15. Nf1 Kg7 ({Black should play} 15... Ne6 $15) 16. f3 $11 Qe7 17. Bd2 Ne6 (17... Bc7 $11) 18. e4 $14 Nh5 19. e5 Bc7 20. f4 Bb6 21. Be3 $1 c5 22. dxc5 $1 Nxc5 23. b4 $36 {[%mdl 2048] White has some pressure.} Ne6 {...Nexf4 is the strong threat.} 24. Bxb6 axb6 25. Qd2 f6 26. Bxg6 {[%mdl 64] Remove Defender, Decoy} Kxg6 {[#]} 27. f5+ $1 {[%mdl 576] Double Attack} Kg7 (27... Kxf5 28. Ne3+) 28. exf6+ Qxf6 {And now ...Ng5 would win.} 29. fxe6 Bxe6 30. Nd4 Nf4 {[#] White should prevent ...Bxh3!} 31. Nh2 (31. Ng3 $1 $16 Nxh3+ 32. gxh3 hxg3 33. Rf1) 31... Kh7 (31... Bd7 $1 $11 {remains equal.}) 32. Kh1 $16 {Black must now prevent Rf1.} ({Wrong is} 32. Rf1 $2 {[#]} Qxd4+ $1 {[%mdl 512]} 33. Qxd4 Ne2+ 34. Kh1 Nxd4 $19) 32... Nh5 $1 33. Nhf3 {aiming for Ng5+.} Ng3+ 34. Kg1 Ne4 35. Qe1 Bxh3 $1 {Hoping for ...Bg4.} 36. Qxh4+ Qxh4 37. Nxh4 Bg4 38. Nhf3 Rec8 39. Rd3 Rc3 {Accuracy: White = 72%, Black = 56%.} 1/2-1/2

[Event "12th KIIT International 2019"]
[Site "Odisha"]
[Date "2019.06.04"]
[Round "7.1"]
[White "Amonatov, Farrukh"]
[Black "Vasquez Schroeder, Rodrigo"]
[Result "1/2-1/2"]
[WhiteElo "2624"]
[BlackElo "2476"]
[Annotator "TA"]
[PlyCount "64"]
[EventDate "2019.05.31"]
[EventType "swiss"]
[EventCountry "IND"]
[SourceTitle "playchess.com"]
[Source "ChessBase"]
[SourceQuality "1"]

{[%evp 11,64,19,25,23,28,28,29,29,19,11,27,14,21,14,17,0,10,0,0,0,2,0,0,0,0,0,16,0,0,0,0,0,2,8,16,9,9,13,16,0,17,-56,-47,-41,-41,-75,-75,-75,-75,-75,0,0,0,-2,-7]} 1. e4 e5 2. Nf3 Nc6 3. Bc4 Nf6 4. d3 Bc5 5. c3 a6 6. O-O Ba7 7. a4 {C54: Giuoco Piano: 4 c3 Nf6, main lines with 5 d4 and 5 d3} d6 8. Re1 h6 9. Nbd2 {[%cal Bb1d2,Bd2f1,Bf1g3][%mdl 32] White has an edge.} O-O 10. h3 Re8 11. Nf1 Be6 12. Bxe6 Rxe6 13. Ng3 d5 14. Qc2 Qd7 15. b4 {[#]} dxe4 $146 ({Predecessor:} 15... Rd8) 16. dxe4 Rd8 17. Be3 Bxe3 18. Rxe3 Ree8 19. b5 axb5 20. axb5 Ne7 21. c4 Ng6 22. Ra7 b6 23. c5 Qxb5 24. Rxc7 {[#] And now Rb3 would win.} bxc5 25. Rb3 Qa4 26. Rxf7 ({White should play} 26. Rxc5 $11 Ra8 27. Rc4 Qa1+ 28. Rb1) 26... Ne7 $15 27. Rxf6 c4 28. Rc3 Qxc2 29. Rxc2 gxf6 30. Rxc4 Rd1+ (30... Rc8 $17 31. Rxc8 Rxc8) 31. Kh2 $11 Rc8 32. Rb4 Rc2 {Accuracy: White = 58%, Black = 70%.} 1/2-1/2